<?xml version="1.0" encoding="UTF-8"?>
<record
    xmlns:xsi="http://www.w3.org/2001/XMLSchema-instance"
    xsi:schemaLocation="http://www.loc.gov/MARC21/slim http://www.loc.gov/standards/marcxml/schema/MARC21slim.xsd"
    xmlns="http://www.loc.gov/MARC21/slim">

  <leader>00553nam a22001817a 4500</leader>
  <datafield tag="999" ind1=" " ind2=" ">
    <subfield code="c">1904</subfield>
    <subfield code="d">1904</subfield>
  </datafield>
  <controlfield tag="003">SLTCLib</controlfield>
  <controlfield tag="008">260114b        ce ||||| |||| 00| 0 eng d</controlfield>
  <datafield tag="020" ind1=" " ind2=" ">
    <subfield code="a">9558086118</subfield>
  </datafield>
  <datafield tag="041" ind1=" " ind2=" ">
    <subfield code="a">Sinhala</subfield>
  </datafield>
  <datafield tag="082" ind1=" " ind2=" ">
    <subfield code="a">005.54</subfield>
    <subfield code="b">WIJ</subfield>
  </datafield>
  <datafield tag="100" ind1=" " ind2=" ">
    <subfield code="a">Wjerathne, N. P.</subfield>
    <subfield code="9">3409</subfield>
  </datafield>
  <datafield tag="242" ind1=" " ind2=" ">
    <subfield code="a">Microsoft Word  Piyawaren Piyawara</subfield>
  </datafield>
  <datafield tag="245" ind1=" " ind2=" ">
    <subfield code="a">&#xDB8;&#xDBA;&#xDD2;&#xD9A;&#xDCA;&#x200D;&#xDBB;&#xDDD;&#xDC3;&#xDDC;&#xDC6;&#xDCA;&#xDA7;&#xDCA; &#xDC0;&#xDBB;&#xDCA;&#xDA9;&#xDCA;  &#xDB4;&#xDD2;&#xDBA;&#xDC0;&#xDBB;&#xDD9;&#xDB1;&#xDCA; &#xDB4;&#xDD2;&#xDBA;&#xDC0;&#xDBB;</subfield>
  </datafield>
  <datafield tag="260" ind1=" " ind2=" ">
    <subfield code="a">Kotadeniya</subfield>
    <subfield code="b">Ashirwada Prakashana</subfield>
    <subfield code="c">2003</subfield>
  </datafield>
  <datafield tag="300" ind1=" " ind2=" ">
    <subfield code="a">213p.</subfield>
  </datafield>
  <datafield tag="650" ind1=" " ind2="0">
    <subfield code="9">2070</subfield>
    <subfield code="a">Computer science</subfield>
  </datafield>
  <datafield tag="942" ind1=" " ind2=" ">
    <subfield code="2">ddc</subfield>
    <subfield code="c">MLN</subfield>
  </datafield>
  <datafield tag="945" ind1=" " ind2=" ">
    <subfield code="a">3725</subfield>
    <subfield code="b">Ishara wickramage</subfield>
    <subfield code="c">3725</subfield>
    <subfield code="d">Ishara wickramage</subfield>
  </datafield>
  <datafield tag="952" ind1=" " ind2=" ">
    <subfield code="0">0</subfield>
    <subfield code="1">0</subfield>
    <subfield code="2">ddc</subfield>
    <subfield code="4">0</subfield>
    <subfield code="7">0</subfield>
    <subfield code="8">LEC</subfield>
    <subfield code="a">SLTC</subfield>
    <subfield code="b">SLTC</subfield>
    <subfield code="c">LES</subfield>
    <subfield code="d">2026-01-14</subfield>
    <subfield code="e">Donation</subfield>
    <subfield code="g">300.00</subfield>
    <subfield code="o">005.54 WIJ</subfield>
    <subfield code="p">002866</subfield>
    <subfield code="r">2026-01-14</subfield>
    <subfield code="w">2026-01-14</subfield>
    <subfield code="y">MLN</subfield>
  </datafield>
</record>
